000 00385nam a2200133Ia 4500
008 220217s9999 xx 000 0 und d
245 0 _aSpecification for rubber sand blast hose with braided textile reinforcement
260 _aNew Delhi
260 _c1970
_bISI
490 _aHoses Sub committee, CDC 6:3
500 _aStandard number: IS 5894
650 _aRubber hose
942 _cST
999 _c73872
_d73872